000 00907cam a22001934a 4500
005 20250605164127.0
008 250528s ||||||||||||||||||||||||d
035 _a18481
020 _a1870941616
040 _aGR-AtMCL
_bgre
_dGR-AtMCL
_eAACR2
245 1 _aRefresher in Basic Mathematics
260 _bDp Publications Ltd,
_c1990
300 _a106
520 _aThis book is aimed at those students who have difficulty with basic mathematics as well as those who wish to refresh their understanding of the subject (perhaps due to a prolonged absence from study). Fractions, Decimals, Percentages, Elementary Algebra, Powers, Coordinates and Graphs, The Straight Line, Simple Linear Equations, Simultaneous Equations, Quadratic Equations, Achievement Test, Tutors Section, Appendices, A Note on Calculators, Rounding.
700 1 _aRowe R.N
_94740
942 _cBK
999 _c3841
_d3841